| 000 | 00593nam a2200133 a 4500 | ||
|---|---|---|---|
| 001 | 000037957 | ||
| 005 | 20201002031137.0 | ||
| 008 | 130311s2007 dr 000 0 spa d | ||
| 040 |
_aDO-SdBNP _bspa _cBNPHU |
||
| 111 | 2 |
_aCofefencia internacional aprendiendo de las experiencias internacionales _d(2007 : marzo 28-29 _cSanto Domingo) _964368 |
|
| 245 | 1 | 0 | _aPropuesta de creación de un órgano rector de la ley del acceso a la información pública en la en la República Dominicana. |
| 260 |
_aSanto Domingo : _bConsejo Nacional de Reforma del Estado (CONARE), _c2007. |
||
| 300 |
_a59 p. ; _c23 cm. |
||
| 999 |
_c37447 _d37447 |
||